000 00416cam a2200145 4500
008 110224n 000 0 eng u
035 _a(Sirsi) a172580
050 _aGV 583 KRO 1929
100 _aKrout, J.A
245 _aAnnals of American Sport/
_cJ.A. Krout
260 _aToronto:
_bGlasgow Brook and Co,
_c1929
300 _a360p.
504 _aIncludes bibliographical references and index
650 _aSports
999 _c116345
_d116345